Länder mit Artikel - Sudden Death - Statistiken

Allgemein
  • Dieses Quiz wurde 175 mal gespielt
  • Das Durchschnittsergebnis liegt bei 13 aus 21
Answers on the Grid
Answers color-coded by a green-red scale on the quiz's grid according to % correct below.
Antigua und Barbuda🇦🇬
Barbados🇧🇧
Brunei🇧🇳
Moldau🇲🇩
Fidschi🇫🇯
Honduras🇭🇳
Kamerun🇨🇲
Kambodscha🇰🇭
Katar🇶🇦
Myanmar🇲🇲
Belarus🇧🇾
Benin🇧🇯
Usbekistan🇺🇿
Ukraine🇺🇦
Philippinen🇵🇭
Tschad🇹🇩
U.S.A.🇺🇸
Sierra Leone🇸🇱
Osttimor🇹🇱
Togo🇹🇬
Laos🇱🇦
Aserbaidschan🇦🇿
Taiwan🇹🇼
Dschibuti🇩🇯
Montenegro🇲🇪
Libanon🇱🇧
Bahamas🇧🇸
Niger🇳🇪
Oman🇴🇲
Jemen🇾🇪
Vereinigtes Königreich🇬🇧
Vatikan🇻🇦
Demokratische Republik Kongo🇨🇩
Elfenbeinküste🇨🇮
Irak🇮🇶
Iran🇮🇷
Kosovo🇽🇰
Senegal🇸🇳
Südsudan🇸🇸
Malediven🇲🇻
Mongolei🇲🇳
Slowakei🇸🇰
 
Antwortstatistiken
Antwort % Korrekt
U.S.A.🇺🇸
80%
Vereinigtes Königreich🇬🇧
78%
Ukraine🇺🇦
75%
Elfenbeinküste🇨🇮
74%
Iran🇮🇷
72%
Vatikan🇻🇦
72%
Philippinen🇵🇭
71%
Mongolei🇲🇳
70%
Irak🇮🇶
69%
Malediven🇲🇻
68%
Demokratische Republik Kongo🇨🇩
67%
Slowakei🇸🇰
66%
Oman🇴🇲
63%
Bahamas🇧🇸
62%
Kosovo🇽🇰
61%
Libanon🇱🇧
58%
Südsudan🇸🇸
52%
Tschad🇹🇩
51%
Senegal🇸🇳
49%
Jemen🇾🇪
48%
Niger🇳🇪
40%
Keine übereinstimmenden Quizze gefunden
Verteilung der Resultate
Anzahl Personen mit jedem Resultat
Perzentil nach korrekt beantworteten Fragen
Ihre Resultats-Entwicklung
Sie haben dieses Quiz noch nicht gespielt